|
|
|
|
| LEADER |
00000nam0a2200000 4500 |
| 001 |
168722 |
| 005 |
20231031163206.0 |
| 010 |
|
|
|a 5247006607
|
| 020 |
|
|
|a RU
|b 91-29080
|
| 035 |
|
|
|a (RuTPU)RU\TPU\book\183040
|
| 090 |
|
|
|a 168722
|
| 100 |
|
|
|a 20091031d1991 km y0rusy5003 ca
|
| 101 |
0 |
|
|a rus
|
| 102 |
|
|
|a RU
|
| 105 |
|
|
|a a g 000zy
|
| 200 |
1 |
|
|a Решение массовых геодезических задач на микроЭВМ
|e справочное пособие
|f М. И. Коробочкин [и др.]
|
| 210 |
|
|
|a Москва
|c Недра
|d 1991
|
| 215 |
|
|
|a 140 с.
|c ил.
|
| 610 |
1 |
|
|a геодезия
|
| 610 |
1 |
|
|a задачи
|
| 610 |
1 |
|
|a решение на вычислительных машинах
|
| 610 |
1 |
|
|a программирование
|
| 610 |
1 |
|
|a Бейсик
|
| 610 |
1 |
|
|a уравнивание
|
| 610 |
1 |
|
|a программы
|
| 610 |
1 |
|
|a расчет
|
| 610 |
1 |
|
|a данные
|
| 675 |
|
|
|a 528(035)
|v 3
|
| 701 |
|
1 |
|a Коробочкин
|b М. И.
|g Михаил ильич
|
| 701 |
|
1 |
|a Бережнов
|b В. С.
|g Вениамин Сергеевич
|
| 701 |
|
1 |
|a Зайцева
|b Н. С.
|g Наталья Семеновна
|
| 701 |
|
1 |
|a Красницкий
|b В. С.
|g Виктор Сергеевич
|
| 801 |
|
0 |
|a RU
|b RuMRKP
|c 19950417
|g psbo
|
| 801 |
|
1 |
|a RU
|b 63413507
|c 20091031
|
| 801 |
|
2 |
|a RU
|b 63413507
|c 20210122
|g RCR
|
| 942 |
|
|
|c BK
|